Japanese foreign intelligence and grand strategy/ (Record no. 193206)

MARC details
000 -LEADER
fixed length control field 00621nam a22001817a 4500
005 - DATE AND TIME OF LATEST TRANSACTION
control field 20221017171005.0
010 ## - LCCN (DPL NO)
LC control number ENG-135467
020 ## - INTERNATIONAL STANDARD BOOK NUMBER
International Standard Book Number 9789391490591
Terms of availability 1280.00
035 ## - SYSTEM CONTROL NUMBER
System control number EN-118999
037 ## - SOURCE OF ACQUISITION
Source of stock number/acquisition DBAD/PUB
082 ## - DEWEY DECIMAL CLASSIFICATION NUMBER
Classification number 327.1252
100 ## - MAIN ENTRY--PERSONAL NAME
Personal name Williams, Brad
245 ## - TITLE STATEMENT
Title Japanese foreign intelligence and grand strategy/
Statement of responsibility, etc by Brad Williams
260 ## - PUBLICATION, DISTRIBUTION, ETC. (IMPRINT)
Place of publication, distribution, etc New Delhi
Name of publisher, distributor, etc KW Publishes pvt. ltd.
Date of publication, distribution, etc 2021
270 ## - ADDRESS
Address 4676/21, first floor, ansari road, daryaganj
City New Delhi
Postal code 110002
Telephone number 011-43528107
Electronic mail address kw@kwpub.in
300 ## - PHYSICAL DESCRIPTION
Extent 279p.
Dimensions 23cm(hbk)
Other physical details Bibliography & Index
942 ## - ADDED ENTRY ELEMENTS (KOHA)
Source of classification or shelving scheme Dewey Decimal Classification
Item type English Books
Call number suffix WIL
Classification part 327.1252
Holdings
Withdrawn status Lost status Not for loan Collection code Home library Current library Date acquired Source of acquisition Cost, normal purchase price Full call number Barcode Copy number Cost, replacement price Koha item type
      Non-fiction R.K.Puram-8 R.K.Puram-8 17/10/2022 DBAD/PUB 1280.00 327.1252 WIL EN-118999 1 1280.00 English Books

© Delhi Public Library
Hit Counter
free hit counter